000 004420000a22001690004500
041 0 _aENG
082 0 4 _aG 274.1 R424s
100 1 _aRenwick, A. M.
245 1 0 _aThe story of the scottish reformation / A. M. Renwick
260 _aLondon, Great Britain : InterVarsity
300 _a176 Pag
001 8436
942 _cBK
999 _c38588
_d38588
336 _atexto
_btxt
_2rdacontent
337 _2rdamedia
_asin mediación
_bn
338 _2rdacarrier
_avolumen
_bnc